000 00311nam a2200133Ia 4500
005 20260326235453.0
008 260326s9999||||xx |||||||||||||| ||und||
100 _aMango, Cyril
245 0 _aByzantine Architecture /
_cCyril Mango
260 _bRizzoli
300 _a215 p.
650 _aEDAD MEDIA
942 _cBK
999 _c7843
_d7843